000 02263cam a2200265 4500500
005 20260405004841.0
041 _afre
042 _adc
100 1 0 _aFallery, Bernard
_eauthor
700 1 0 _aRodhain, Florence
_eauthor
700 1 0 _aZgoulli, Saloua
_eauthor
245 0 0 _aLa médiation scientifique par le spectacle vivant
260 _c2025.
500 _a13
520 _aCette contribution repose sur Le Bourgeois numérique, Molière 3.0, une pièce de théâtre écrite et jouée par un groupe d’enseignants-chercheurs dans le cadre de leur activité de médiation scientifique. Cette pièce, dans le plus grand respect de l’esprit de Molière, devient aujourd’hui une satire de tous les Monsieur Jourdain assez naïfs, qui prétendent acquérir tous les codes de la New Tech ou de la Start-up Nation pour faire partie de l’élite ou de la nouvelle génération. On présente ici les cadres théoriques qui permettent d’éclairer la position des universitaires dans la médiation scientifique puis un extrait de la pièce. On conclut avec nos remarques sur la médiation scientifique par le spectacle vivant.
520 _aThis contribution is based on “The digital bourgeois, Molière 3.0”, a play written and performed by a group of teacher-researchers as part of their scientific mediation activity. This piece, with the greatest respect for the spirit of Molière, today becomes a satire of all the rather naive “Monsieur Jourdain”, who claim to acquire all the codes of New Tech or Start-up Nation to make part of the elite or the new generation. Here we present the theoretical frameworks that help to clarify the position of academics in scientific mediation, followed by an extract from the play. We conclude with our remarks on scientific mediation through live performance.
690 _amédiation scientifique
690 _asociété du numérique
690 _athéâtre
690 _adigital society
690 _ascientific mediation
690 _atheater
786 0 _nManagement des technologies organisationnelles | 16 | 1 | 2025-01-16 | p. 161-177 | 2553-3851
856 4 1 _uhttps://shs.cairn.info/revue-management-des-technologies-organisationnelles-2025-1-page-161?lang=fr&redirect-ssocas=7080
999 _c2078804
_d2078804